|
|
|
|
| LEADER |
01979nam a2200301 a 4500 |
| 001 |
13896049 |
| 008 |
091102s2004 bg a b 001 0 eng d |
| 010 |
|
|
|a \\2005318109
|
| 020 |
|
|
|a 9840517317
|
| 040 |
|
|
|a DLC
|c DLC
|
| 082 |
0 |
0 |
|a 332.6/73/0954
|2 2
|
| 245 |
0 |
0 |
|a Economic reform and trade performance in South Asia /
|c editors, Omar Haider Chowdhury, Willem van der Geest.
|
| 260 |
|
|
|a Dhaka :
|b University Press,
|c 2004.
|
| 300 |
|
|
|a xxxvii, 407 p. :
|b ill. ;
|c 22 cm.
|
| 500 |
|
|
|a "Bangladesh Institute of Development Studies."
|
| 504 |
|
|
|a Includes bibliographical references and index.
|
| 505 |
2 |
|
|a Economic policy reform and trade performance in South Asia : an overview -- Trade and foreign direct investment peformance during policy reform in Bangladesh -- India's trade and foreign direct investment performance during liberalization -- Trade and investment stagnation during external sector reform in Pakistan -- External sector reforms in Nepal : implications and policy options for regional integration -- Sri Lanka's trade expansion during economic reform.
|
| 541 |
1 |
|
|e 00013646
|
| 651 |
|
0 |
|a South Asia
|x Commerce.
|
| 650 |
|
0 |
|a Investments, Foreign
|z South Asia.
|
| 700 |
1 |
|
|a Chowdhury, Omar Haider.
|
| 700 |
1 |
|
|a Geest, Willem van der
|
| 710 |
2 |
|
|a Bangladesh Institute of Development Studies.
|
| 852 |
4 |
|
|a Ayesha Abed Library
|j General shelf
|
| 999 |
|
|
|c 5027
|d 5027
|
| 952 |
|
|
|0 0
|1 0
|2 ddc
|4 0
|6 332_673095400000000_ECO
|7 0
|9 4853
|a BRACUL
|b BRACUL
|c GEN
|d 2009-11-03
|g 550.00
|l 0
|o 332.6730954 ECO
|p 3010013646
|r 2009-11-03
|t 1
|v 1100.00
|w 2009-11-03
|y BK
|
| 952 |
|
|
|0 0
|1 0
|2 ddc
|4 0
|6 332_673095400000000_ECO_2004
|7 0
|9 4855
|a BRACUL
|b BRACUL
|c GEN
|d 2009-11-03
|g 0.00
|l 0
|o 332.6730954 ECO
|p 3010012952
|r 2009-11-03
|t 2
|w 2009-11-03
|y BK
|x No price found in the accession register.
|
| 952 |
|
|
|0 0
|1 0
|2 ddc
|4 0
|6 332_673095400000000_ECO_2004
|7 0
|9 5613
|a BRACUL
|b BRACUL
|c GEN
|d 2009-11-21
|g 0.00
|l 0
|o 332.6730954 ECO
|p 3010019122
|r 2009-11-21
|t 3
|w 2009-11-21
|y BK
|x No price found in the accession register.
|